Conversaciones con Bono

Salvato in:
Dettagli Bibliografici
Autore principale: Assayas, Michka (Autore)
Natura: Libro
Lingua:spagnolo
Pubblicazione: Barcelona Alba 2009
Edizione:1a. ed
Soggetti:
Tags: Aggiungi Tag
Nessun Tag, puoi essere il primo ad aggiungerne!!

MARC

LEADER 00000cam a2200000 a 4500
001 UCF1731
003 CL-VaPUC
008 120723e20090500SP |||||||||||||||||spa|d
020 |a 9788484284598 
082 0 4 |a 927.7832  |b ASS  |2 21 
100 0 |a Assayas, Michka  |e author  |9 563219 
245 1 0 |a Conversaciones con Bono 
250 |a 1a. ed 
300 |a 385 p 
942 |c BK 
945 |d 20120723 00:00:00  |a dcastane 
260 |a Barcelona  |b Alba  |c 2009 
600 0 7 |a BONO  |2 CL-VaPUC  |9 563220 
600 0 7 |a U2  |2 CL-VaPUC  |9 563221 
650 0 |a Biografías  |9 255210 
650 0 |a Entrevistas  |9 265537 
650 7 |a CANTANTES  |2 CL-VaPUC  |9 416288 
583 |a last modification  |c 20140123 04:00:16  |k Rodrigo Vera 
999 |c 348419  |d 348417 
952 |0 0  |1 0  |4 0  |6 927_783200000000000_ASS_2009  |7 0  |8 A  |9 450417  |a BIBING  |b BIBING  |d 2019-11-22  |i 4883985  |o 927.7832 ASS 2009  |p 4883985  |r 2025-01-20  |w 2019-11-22  |y BK  |k CUI